| 000 | 01408nam a2200253Ia 4500 | ||
|---|---|---|---|
| 003 | Ost | ||
| 005 | 20260507075355.0 | ||
| 008 | 260507s9999||||xx |||||||||||||| ||und|| | ||
| 020 | _a73578299539 | ||
| 040 | _cfsecg | ||
| 041 | _aara | ||
| 082 | _a330 | ||
| 100 |
_aالعجلان، حامد حمود _eمؤلف |
||
| 245 | 0 |
_aالربا والإقتصاد والتمويل الإسلامي : _bرؤية مختلفة / _c حامد حمود العجلان |
|
| 260 |
_aبيروت: _bمركز دراسات الوحدة العربية, _c2010 |
||
| 300 |
_a302 صفحة؛ _bإيضاحات ؛ _c24 سم |
||
| 490 |
_aسلسلة أطروحات الدكتوراه _v91 |
||
| 504 | _aالملاحق ص.267؛ كشاف مصطلحات ص275؛ المراجع ص.281 | ||
| 520 | _aالقيم الدينية والخيار الإقتصادي- الربا، والفائدة والدين- الربا والمقتضيات الإقتصادية- الإقتصاد الإسلامي ومضامينه الأخلاقية- الصناعة المصرفية الإسلامية- اللجان الإشرافية ومأزق الإجتهاد- تنظيم الصناعة المصرفية الإسلامية- مستقبل الصناعة المصرفية الإسلامية في الكويت | ||
| 653 | _aالإقتصاد الإسلامي | ||
| 653 | _aالتمويل الإسلامي | ||
| 653 | _aالربا | ||
| 942 | _cكتاب | ||
| 999 |
_c44199 _d44199 |
||